LEADER 01202nam1 2200397 450 001 990000934330203316 010 $a88-7062-970-8 035 $a0093433 035 $aUSA010093433 035 $a(ALEPH)000093433USA01 035 $a0093433 100 $a20020131d1997----km-y0ITAy01------ba 101 $alat$aita 102 $aIT 105 $a|||| ||||| 200 1 $aEpigrafi di Larino e della bassa Frentania$f[a cura di] Napoleone Stelluti 210 $aCampobasso$cEditrice Lampo$d1997. 215 $a2 v.$d30 cm 517 1 $aEpigrafi di Larino 610 0 $aIscrizioni latine$aMolise$aRepertori 676 $a471.1 702 1$aSTELLUTI,$bNapoleone 801 0$aIT$bsalbc$gISBD 912 $a990000934330203316 951 $aX B 357$bLM$cX B 959 $aBK 969 $aUMA 979 $aPATTY$b90$c20020131$lUSA01$h1523 979 $aPATTY$b90$c20020131$lUSA01$h1524 979 $aPATTY$b90$c20020131$lUSA01$h1524 979 $aPATTY$b90$c20020131$lUSA01$h1526 979 $aPATTY$b90$c20020131$lUSA01$h1526 979 $c20020403$lUSA01$h1736 979 $aPATRY$b90$c20040406$lUSA01$h1704 996 $aEpigrafi di Larino e della bassa Frentania$9284865 997 $aUNISA LEADER 01259nam--2200373---450- 001 990003601420203316 005 20111206133251.0 010 $a978-84-8489-531-2$b(Iberoamericana) 010 $a978-3-86527-571-4$b(Vervuert) 035 $a000360142 035 $aUSA01000360142 035 $a(ALEPH)000360142USA01 035 $a000360142 100 $a20111206d2010----km-y0itay50------ba 101 0 $aspa 102 $aES 105 $a||||||||001yy 200 1 $aPoesía y Biblia en el Siglo de Oro$eestudios sobre los Salmos y el Cantar de los Cantares$fValentín Núñez Rivera 210 $aMadrid$cIberoamericana$aFrankfurt am Main$cVervuert$d2010 215 $a294 p.$d24 cm 225 2 $aBiblioteca áurea hispánica$v65 410 0$12001$aBiblioteca áurea hispánica$v65 606 0 $aPoesia religiosa spagnola$zSec. 16.-17.$2BNCF 676 $a860.9358 700 1$aNÚÑEZ RIVERA,$bValentín$0388677 801 0$aIT$bsalbc$gISBD 912 $a990003601420203316 951 $aVI.5.B. 568$b5182 L.G.$cVI.5.B.$d00269084 959 $aBK 969 $aUMA 979 $aMARTUCCIEL$b90$c20111206$lUSA01$h1331 979 $aMARTUCCIEL$b90$c20111206$lUSA01$h1332 996 $aPoesia y biblia en el siglo de oro$9841066 997 $aUNISA